00459 2200181 4500001002100000005001500021008004100036020002200077035001900099041000700118082001000125090001600135100002700151245002900178260002300207300003000230650001700260INLIS00000000000246320241224112537241224||||||||| | ||| |||| || |  a978-979-071-065-8 0010-1224002463 aid0 a639.5 a639.5 PED p0 aTim Karya Tani Mandiri00aPedoman Budidya Kepiting bNuansa Auliac2010 avi+154 hlm;12.5 x 19.5 cm 0aIlmu Terapan